000 00315nam a22001457a 4500
008 221010b ||||| |||| 00| 0 eng d
020 _a0070590028
041 _aeng
080 _a334.7
082 _a334.7 SMI
100 _a25.1
101 _aMENA
245 _aFINANCIAL ACCOUNTING
_cSMITH J
942 _2udc
_cBK
999 _c58449
_d58449